000 005520000a22001930004500
001 004435
003 MACL
005 20150823122325.0
008 150823b xxu||||| |||| 00| 0 eng d
040 _aMACL
_cMACL
041 _aEnglish
082 _a677.21/UPA
100 _aUpadhyay, Shashi Bhushan
_96970
245 _aExistence, Identity & Mobilization
_bThe Cotton Millworkers Of Bombay
_cShashi Bhushan Upadhyay
260 _aDelhi
_c2004
_bManohar Publishers & Distributers,
350 _a495
650 _aTextiles
_96971
942 _k677
_cBK
_2ddc
999 _c16324
_d16324